Security analysis and portfolio management (Record no. 5587)

MARC details
000 -LEADER
fixed length control field 00598cam a2200217ua 4500
008 - FIXED-LENGTH DATA ELEMENTS--GENERAL INFORMATION
fixed length control field 131207n ii |||gr||||Z||||||eng
020 ## - INTERNATIONAL STANDARD BOOK NUMBER
International Standard Book Number 978-81-272-3954-1
040 ## - CATALOGING SOURCE
Transcribing agency MAIN
082 ## - DEWEY DECIMAL CLASSIFICATION NUMBER
Classification number 658
245 ## - TITLE STATEMENT
Title Security analysis and portfolio management
Statement of responsibility, etc. By Inderpal singh
260 ## - PUBLICATION, DISTRIBUTION, ETC.
Place of publication, distribution, etc. Ludhiana:
Name of publisher, distributor, etc. Kalyani publishers,
Date of publication, distribution, etc. 2007.
300 ## - PHYSICAL DESCRIPTION
Extent x,36.16p.
700 ## - ADDED ENTRY--PERSONAL NAME
Personal name Singh,Inderpal,
Relator term
700 1# - ADDED ENTRY--PERSONAL NAME
Personal name Kaushal,Vijay,
Relator term
700 1# - ADDED ENTRY--PERSONAL NAME
Personal name Kaur,Jaswinder,
Relator term
700 1# - ADDED ENTRY--PERSONAL NAME
Personal name Bhatia,Raminder,
Relator term
942 ## - ADDED ENTRY ELEMENTS (KOHA)
Koha item type Books
653 ## - INDEX TERM--UNCONTROLLED
Uncontrolled term Commerce
653 ## - INDEX TERM--UNCONTROLLED
Uncontrolled term Security analysis
Holdings
Withdrawn status Lost status Damaged status Not for loan Home library Current library Shelving location Date acquired Total Checkouts Full call number Barcode Date last seen Copy number Price effective from Koha item type Date last checked out
        Central Library, Naharkatiya College Central Library, Naharkatiya College General Stacks 19/09/2020   658 | SIN 18206 19/09/2020 2 19/09/2020 Books  
        Central Library, Naharkatiya College Central Library, Naharkatiya College General Stacks 19/09/2020 3 658 | SIN 18207 04/03/2023 1 19/09/2020 Books 15/02/2023

Naharkatiya College © 2020. All rights reserved.

Powered By